[Event "ITA-chT Final 55th"]
[Site "Vasto"]
[Date "2024.04.13"]
[Round "2.15"]
[White "Sedina, Elena"]
[Black "Casadio, Niccolo"]
[Result "0-1"]
[WhiteElo "2190"]
[BlackElo "2309"]
[PlyCount "90"]
[EventDate "2024.04.13"]
[EventType "team-k.o."]
[EventRounds "2"]
[EventCountry "ITA"]
[SourceTitle "CB16_2024"]
[SourceDate "2024.04.17"]
[SourceVersion "1"]
[SourceVersionDate "2024.04.17"]
[SourceQuality "1"]
[WhiteTeam "Mimosa Elite"]
[BlackTeam "Palmascacchi Blacks"]
[WhiteTeamCountry "ITA"]
[BlackTeamCountry "ITA"]

1. e4 c5 2. Nf3 d6 3. d4 cxd4 4. Qxd4 Nf6 5. Be2 g6 6. 0-0 Bg7 7. h3 0-0 8. Rd1 Nc6 9. Qe3 Be6 10. Ng5 Bd7 11. c3 Rc8 12. Nd2 Qc7 13. Nb3 a6 14. Nf3 Rfd8 15. Bd2 b5 16. c4 Qb7 17. Na5 Qa8 18. Bf1 Re8 19. Nxc6 Bxc6 20. e5 Ne4 21. cxb5 Bxb5 22. Bxb5 axb5 23. Re1 d5 24. Bb4 Rc4 25. a3 e6 26. Rac1 Rec8 27. Rxc4 bxc4 28. Nd2 Bxe5 29. f3 Nxd2 30. Qxe5 Nb3 31. Qe3 d4 32. Qf2 c3 33. Qc2 Qd5 34. Rd1 Qc4 35. bxc3 dxc3 36. Kh1 e5 37. Rd3 Qxd3 38. Qxd3 c2 39. Qxb3 c1Q+ 40. Kh2 Qf4+ 41. Kg1 Rc1+ 42. Kf2 Qd4+ 43. Kg3 h5 44. h4 Rh1 45. Be7 Qf4+ 0-1

[Event "Isola del Sole op"]
[Site "Grado"]
[Date "2023.09.27"]
[Round "6"]
[White "Sepehrkhoui, Ardeshir"]
[Black "Sedina, Elena"]
[Result "1-0"]
[WhiteElo "2195"]
[BlackElo "2182"]
[PlyCount "87"]
[EventDate "2023.09.23"]
[EventType "swiss"]
[EventRounds "9"]
[EventCountry "ITA"]
[SourceTitle "EXT 2024"]
[Source "ChessBase"]
[SourceDate "2023.10.10"]
[SourceVersion "1"]
[SourceVersionDate "2023.10.10"]
[SourceQuality "1"]

1. Nf3 d5 2. d4 Nf6 3. c4 c6 4. Nc3 dxc4 5. g3 g6 6. Bg2 Bg7 7. 0-0 0-0 8. e4 b5 9. Qe2 Bg4 10. Rd1 Qc8 11. a4 b4 12. Nb1 e5 13. dxe5 Nfd7 14. Bf4 Nxe5 15. Bxe5 Bxe5 16. h3 Bxf3 17. Bxf3 Rd8 18. Qxc4 a5 19. Nd2 Qxh3 20. Nb3 Nd7 21. Qe2 h5 22. Rac1 Qe6 23. Rd3 Bf6 24. Bg2 Ne5 25. Rxd8+ Bxd8 26. Nc5 Qe7 27. Nd3 Rc8 28. Bh3 Rc7 29. Rd1 Nd7 30. Qd2 Qg5 31. Nf4 h4 32. Ng2 Qxd2 33. Rxd2 f5 34. exf5 Bg5 35. f4 Ne5 36. Ne1 Re7 37. Rd8+ Kg7 38. fxg5 gxf5 39. gxh4 Nc4 40. Nd3 Re2 41. Rd7+ Kg8 42. Bxf5 Nxb2 43. Nxb2 Rxb2 44. Be6+ 1-0

[Event "Isola del Sole op"]
[Site "Grado"]
[Date "2023.09.25"]
[Round "4"]
[White "Ceschia, Ivano"]
[Black "Sedina, Elena"]
[Result "1/2-1/2"]
[WhiteElo "2160"]
[BlackElo "2182"]
[PlyCount "45"]
[EventDate "2023.09.23"]
[EventType "swiss"]
[EventRounds "9"]
[EventCountry "ITA"]
[SourceTitle "EXT 2024"]
[Source "ChessBase"]
[SourceDate "2023.10.10"]
[SourceVersion "1"]
[SourceVersionDate "2023.10.10"]
[SourceQuality "1"]

1. e4 e6 2. d4 d5 3. Nd2 c5 4. Ngf3 a6 5. dxc5 Bxc5 6. Bd3 Nc6 7. c3 Nge7 8. 0-0 0-0 9. Qc2 Ng6 10. Nb3 Bb6 11. Bg5 Qd6 12. exd5 exd5 13. Nbd4 h6 14. Be3 Nce5 15. Nxe5 Nxe5 16. Be2 Ng4 17. Bxg4 Bxg4 18. Nf5 Bxf5 19. Qxf5 Bxe3 20. fxe3 Rae8 21. Rad1 Re5 22. Qf4 Qe6 23. Rd3 1/2-1/2

[Event "SUI-chT"]
[Site "Switzerland"]
[Date "2023.05.13"]
[Round "3.5"]
[White "Sedina, Elena"]
[Black "Brunner, Nicolas"]
[Result "0-1"]
[WhiteElo "2170"]
[BlackElo "2430"]
[PlyCount "76"]
[EventDate "2023.04.16"]
[EventType "team-tourn"]
[EventRounds "9"]
[EventCountry "SUI"]
[SourceTitle "EXT 2024"]
[Source "ChessBase"]
[SourceDate "2023.10.10"]
[SourceVersion "1"]
[SourceVersionDate "2023.10.10"]
[SourceQuality "1"]
[WhiteTeam "Mendrisio"]
[BlackTeam "Riehen"]
[WhiteTeamCountry "SUI"]
[BlackTeamCountry "SUI"]

1. e4 c5 2. Nf3 d6 3. Bb5+ Nd7 4. d4 cxd4 5. Qxd4 a6 6. Bxd7+ Qxd7 7. Nc3 e5 8. Qd3 Qc6 9. 0-0 Be6 10. b3 Rc8 11. Bb2 Be7 12. Rac1 Nf6 13. Rfd1 0-0 14. Ng5 Nh5 15. Nh3 g6 16. Nd5 Bxd5 17. exd5 Qd7 18. c4 f5 19. c5 e4 20. c6 exd3 21. cxd7 Rxc1 22. Bxc1 Rd8 23. Rxd3 Rxd7 24. Rc3 Nf6 25. Rc8+ Rd8 26. Rxd8+ Bxd8 27. Bg5 Kf7 28. Kf1 Bb6 29. Bxf6 Kxf6 30. f4 h6 31. Ke2 g5 32. g3 Kg6 33. a4 Kh5 34. fxg5 hxg5 35. Nf2 Bxf2 36. Kxf2 Kg4 37. Kg2 f4 38. h3+ Kf5 0-1

[Event "ITA-ch (Women) 81st"]
[Site "Cagliari"]
[Date "2022.11.18"]
[Round "2"]
[White "Cassi, Elisa"]
[Black "Sedina, Elena"]
[Result "1/2-1/2"]
[WhiteElo "1995"]
[BlackElo "2197"]
[PlyCount "136"]
[EventDate "2022.11.17"]
[EventType "tourn"]
[EventRounds "7"]
[EventCountry "ITA"]
[SourceTitle "CBM 211 Extra"]
[Source "ChessBase"]
[SourceDate "2023.01.31"]
[SourceVersion "1"]
[SourceVersionDate "2023.01.31"]
[SourceQuality "1"]

1. e4 e6 2. d4 d5 3. Nd2 c5 4. exd5 exd5 5. Ngf3 Nc6 6. Bb5 Qe7+ 7. Be2 Qc7 8. 0-0 Nf6 9. Re1 Be6 10. Bf1 h6 11. dxc5 Bxc5 12. Nb3 Bb6 13. Be3 0-0 14. Bxb6 Qxb6 15. Nfd4 Ne4 16. f3 Nd6 17. Kh1 Rfe8 18. a4 Nc4 19. Bxc4 dxc4 20. a5 Qd8 21. Nxe6 Qxd1 22. Rexd1 Rxe6 23. Nc5 Re2 24. Nxb7 Rxc2 25. Rac1 Rxb2 26. Rxc4 Rxb7 27. Rxc6 Rab8 28. h4 Rb4 29. Rd7 Rxh4+ 30. Kg1 Ra4 31. Rxa7 Rb2 32. Rb6 Rxa5 33. Rxa5 Rxb6 34. Kf2 Rb2+ 35. Kg3 g5 36. Kh3 Kg7 37. g4 Kg6 38. Kg3 Rb3 39. Rc5 Rb6 40. Ra5 Rd6 41. Rb5 Ra6 42. Rc5 f6 43. Rb5 h5 44. gxh5+ Kxh5 45. f4 Ra3+ 46. Kg2 Kh4 47. fxg5 Rg3+ 48. Kf2 Rxg5 49. Rb1 Rg4 50. Kf3 Kg5 51. Rb5+ f5 52. Rb8 Rf4+ 53. Kg3 Rg4+ 54. Kf3 Rf4+ 55. Kg3 Re4 56. Kf3 Re6 57. Rg8+ Kf6 58. Kf4 Re4+ 59. Kf3 Rd4 60. Rf8+ Ke6 61. Re8+ Kf7 62. Ra8 Kf6 63. Rf8+ Kg6 64. Rg8+ Kf7 65. Ra8 Ke7 66. Ra6 Re4 67. Rb6 Re6 68. Rxe6+ Kxe6 1/2-1/2

[Event "SUI-ch 121st"]
[Site "Samnaun"]
[Date "2022.07.09"]
[Round "8"]
[White "Balzer, Lars"]
[Black "Sedina, Elena"]
[Result "0-1"]
[WhiteElo "2012"]
[BlackElo "2215"]
[PlyCount "40"]
[EventDate "2022.07.04"]
[EventType "swiss"]
[EventRounds "9"]
[EventCountry "SUI"]
[SourceTitle "CBM 209 Extra"]
[Source "ChessBase"]
[SourceDate "2022.09.30"]
[SourceVersion "1"]
[SourceVersionDate "2022.09.30"]
[SourceQuality "1"]

1. e4 e6 2. d3 d5 3. Nd2 Nf6 4. Ngf3 Nc6 5. e5 Nd7 6. d4 f6 7. Bd3 fxe5 8. Nxe5 Ndxe5 9. dxe5 Nxe5 10. Qh5+ Nf7 11. Bxh7 Qf6 12. 0-0 Bd7 13. Nf3 0-0-0 14. Qg6 e5 15. Qxf6 gxf6 16. Bg6 Nd6 17. c3 e4 18. Nd4 Be7 19. f4 f5 20. g4 Rdg8 0-1

[Event "SUI-ch 121st"]
[Site "Samnaun"]
[Date "2022.07.06"]
[Round "4"]
[White "Pavlovic, Milos"]
[Black "Sedina, Elena"]
[Result "1-0"]
[WhiteElo "2461"]
[BlackElo "2215"]
[PlyCount "81"]
[EventDate "2022.07.04"]
[EventType "swiss"]
[EventRounds "9"]
[EventCountry "SUI"]
[SourceTitle "CBM 209 Extra"]
[Source "ChessBase"]
[SourceDate "2022.09.30"]
[SourceVersion "1"]
[SourceVersionDate "2022.09.30"]
[SourceQuality "1"]

1. c4 e5 2. Nc3 Bb4 3. Nd5 Be7 4. d4 d6 5. Nf3 e4 6. Nd2 f5 7. Nb1 Nf6 8. Nxe7 Qxe7 9. Nc3 0-0 10. Bg5 c6 11. e3 Na6 12. Be2 Nc7 13. d5 c5 14. Qd2 Bd7 15. a3 a5 16. b3 h6 17. Bf4 Be8 18. 0-0 Bh5 19. Rab1 Bxe2 20. Nxe2 Nd7 21. b4 axb4 22. axb4 Na6 23. bxc5 Naxc5 24. Nd4 Ne5 25. Bxe5 Qxe5 26. Nb3 Rfc8 27. Nd4 Ra4 28. Qc2 Rca8 29. g3 Ra3 30. Qd1 R3a4 31. Qe2 Kh7 32. Rb6 Ra2 33. Qh5 g6 34. Qh4 Re8 35. Rfb1 Ra7 36. Kg2 Rea8 37. Nb5 Ra2 38. Nxd6 Nd3 39. Rxb7+ Kg8 40. Qxh6 Rxf2+ 41. Kg1 1-0

[Event "SUI-ch 121st"]
[Site "Samnaun"]
[Date "2022.07.05"]
[Round "2"]
[White "Gemelli, Romain"]
[Black "Sedina, Elena"]
[Result "0-1"]
[WhiteElo "2045"]
[BlackElo "2215"]
[PlyCount "136"]
[EventDate "2022.07.04"]
[EventType "swiss"]
[EventRounds "9"]
[EventCountry "SUI"]
[SourceTitle "CBM 209 Extra"]
[Source "ChessBase"]
[SourceDate "2022.09.30"]
[SourceVersion "1"]
[SourceVersionDate "2022.09.30"]
[SourceQuality "1"]

1. d4 d5 2. c4 c6 3. Nc3 dxc4 4. e3 b5 5. a4 b4 6. Ne4 Qd5 7. Ng3 Nf6 8. Be2 Ba6 9. e4 Nxe4 10. Bf3 f5 11. N1e2 g6 12. Nf4 Qf7 13. Nxe4 fxe4 14. Bg4 h5 15. Be6 Qf6 16. Bh3 g5 17. Nxh5 Qg6 18. Ng3 e6 19. Qg4 Be7 20. Qxe6 Qxe6 21. Bxe6 Nd7 22. Nxe4 0-0-0 23. 0-0 c3 24. Re1 Rh6 25. Ng3 cxb2 26. Bxb2 Kc7 27. Nf5 Rh7 28. d5 cxd5 29. Rac1+ Kb8 30. Bxd5 Bf6 31. Nd4 Bxd4 32. Bxd4 Bb7 33. Bxb7 Kxb7 34. a5 Nb8 35. Bf6 Rd5 36. Re4 Na6 37. f4 gxf4 38. Rxf4 Rxa5 39. g4 Ra2 40. h4 Rd7 41. Rf2 Ra3 42. g5 Nc7 43. h5 Ne8 44. h6 Nxf6 45. gxf6 Rf7 46. Re1 Rg3+ 47. Kh2 Rg6 48. Re6 Rxh6+ 49. Kg1 Rg6+ 50. Kf1 Kc8 51. Ke1 a5 52. Rb6 Kc7 53. Rb5 Rgxf6 54. Rxf6 Rxf6 55. Rxa5 Kb6 56. Rd5 Kc6 57. Rd8 Kb5 58. Kd2 Rc6 59. Ra8 b3 60. Rb8+ Ka4 61. Ra8+ Kb4 62. Rb8+ Ka3 63. Ra8+ Kb2 64. Kd1 Rd6+ 65. Ke2 Kc2 66. Rc8+ Kb1 67. Rb8 b2 68. Rb7 Ra6 0-1

[Event "Mitropa Cup (Women)"]
[Site "Corte"]
[Date "2022.05.04"]
[Round "5.3"]
[White "Sedina, Elena"]
[Black "Berke, Ana"]
[Result "1-0"]
[WhiteElo "2258"]
[BlackElo "2142"]
[PlyCount "128"]
[EventDate "2022.04.30"]
[EventType "team-tourn"]
[EventRounds "9"]
[EventCountry "FRA"]
[SourceTitle "CBM 208 Extra"]
[Source "ChessBase"]
[SourceDate "2022.07.31"]
[SourceVersion "1"]
[SourceVersionDate "2022.07.31"]
[SourceQuality "1"]
[WhiteTeam "Italy (W)"]
[BlackTeam "Croatia (W)"]
[WhiteTeamCountry "ITA"]
[BlackTeamCountry "CRO"]

1. e4 c5 2. c3 Nf6 3. e5 Nd5 4. Nf3 e6 5. Bc4 d6 6. d4 cxd4 7. cxd4 Be7 8. 0-0 0-0 9. Qe2 b6 10. Rd1 Qc7 11. Bxd5 exd5 12. Nc3 Ba6 13. Qe1 Qb7 14. Bg5 Bxg5 15. Nxg5 h6 16. Nf3 Nd7 17. Qd2 Rad8 18. Qf4 dxe5 19. dxe5 Nc5 20. Nd4 Bd3 21. b4 Ne6 22. Qg4 Nxd4 23. Qxd4 Bc4 24. Re1 Rfe8 25. f4 Qd7 26. Rad1 Qf5 27. h3 h5 28. Kh1 Re6 29. Ne4 dxe4 30. Qxd8+ Kh7 31. Qd2 f6 32. exf6 Rxf6 33. Qe3 Bd3 34. Rc1 a5 35. bxa5 Qxa5 36. Qf2 Qf5 37. Re3 b5 38. Rg3 Bc4 39. Rd1 Bd3 40. Rc1 Bc4 41. a3 g6 42. Qd2 Rf7 43. Rgc3 Kh6 44. Re1 Rf6 45. Qd4 Bd3 46. Qe5 Qxf4 47. Qxf4+ Rxf4 48. Kg1 Rf6 49. Rec1 Kg5 50. Rc6 Rf7 51. Re6 Ra7 52. Rc5+ Kh6 53. Rcc6 Rg7 54. Kf2 h4 55. Ke3 Kg5 56. Re5+ Kh6 57. Ree6 Kg5 58. Rf6 Rg8 59. Rf4 Kh5 60. Rf7 Kg5 61. Rf4 Kh5 62. Rc5+ g5 63. Rf6 Rg7 64. Rcc6 g4 1-0

[Event "Mitropa Cup (Women)"]
[Site "Corte"]
[Date "2022.05.02"]
[Round "3.3"]
[White "Sedina, Elena"]
[Black "Pellicoro, Nathalie"]
[Result "0-1"]
[WhiteElo "2258"]
[BlackElo "1895"]
[PlyCount "96"]
[EventDate "2022.04.30"]
[EventType "team-tourn"]
[EventRounds "9"]
[EventCountry "FRA"]
[SourceTitle "CBM 208 Extra"]
[Source "ChessBase"]
[SourceDate "2022.07.31"]
[SourceVersion "1"]
[SourceVersionDate "2022.07.31"]
[SourceQuality "1"]
[WhiteTeam "Italy (W)"]
[BlackTeam "Switzerland (W)"]
[WhiteTeamCountry "ITA"]
[BlackTeamCountry "SUI"]

1. e4 e5 2. Nf3 Nc6 3. Bc4 Nf6 4. d3 Be7 5. 0-0 0-0 6. Re1 d6 7. a4 Kh8 8. Nc3 h6 9. a5 a6 10. h3 Nh7 11. Nd5 f5 12. b4 fxe4 13. dxe4 Ng5 14. Bxg5 Bxg5 15. Nxg5 Qxg5 16. Ra3 Qh4 17. Rg3 Be6 18. Qd2 Rac8 19. c3 Rf7 20. Rg6 Rcf8 21. Rxe6 Rxf2 22. Re2 Rf1+ 23. Kh2 Ra1 24. Nf6 gxf6 25. Qe3 Nd8 26. Re7 c6 27. Rd7 Rd1 28. Bb3 Rb1 29. Ba2 Rd1 30. Bb3 Rb1 31. Bc2 Rf1 32. Rxd6 Nf7 33. Rd7 Ng5 34. Qg3 Rh1+ 35. Kxh1 Qxg3 36. Rd3 Qf4 37. Rdd2 Kg7 38. Kg1 Qg3 39. Rd3 Nxh3+ 40. Kf1 Qf4+ 41. Ke1 Qh4+ 42. g3 Qg4 43. Ree3 Ng5 44. Bd1 Qe6 45. Rd2 Rf7 46. Rd8 Rd7 47. Bb3 Rxd8 48. Bxe6 Nxe6 0-1